|
|
|
|
| LEADER |
00788nab a2200193 i 4500 |
| 001 |
misc9249 |
| 005 |
20191106143525.0 |
| 008 |
170607s1914 hu o 0|| hun d |
| 022 |
|
|
|a 0025-0260
|
| 040 |
|
|
|a SZTE Miscellanea Repozitórium
|b hun
|
| 041 |
|
|
|a hun
|
| 100 |
1 |
|
|a Kornis Gyula
|
| 245 |
1 |
0 |
|a Ranschburg Pál
|h [elektronikus dokumentum] :
|b Pszichológiai tanulmányok : Budapest : Magyar Gyermektanulmányi Társaság, 1913 /
|c Kornis Gyula
|
| 260 |
|
|
|c 1914
|
| 300 |
|
|
|a 234-236
|
| 490 |
0 |
|
|a Magyar pedagógia : a Magyar Tudományos Akadémia Pedagógiai Bizottságának folyóirata
|v 23
|
| 695 |
|
|
|a Pedagógiai pszichológia Magyarország 1914, Pszichológia
|
| 700 |
0 |
1 |
|a Ranschburg Pál
|e aut
|
| 856 |
4 |
0 |
|u http://misc.bibl.u-szeged.hu/9249/1/mp_1914_2017_234-236.pdf
|z Dokumentum-elérés
|